Biosensors : fundamentals and applications

Đã lưu trong:
Sonraí Bibleagrafaíochta
Formáid: Leabhar
Teanga:Undetermined
Foilsithe: Oxford [Oxfordshire],New York Oxford University Press 1987
Ábhair:
Clibeanna: Cuir Clib Leis
Gan Chlibeanna, Bí ar an gcéad duine leis an taifead seo a chlibeáil!
Thư viện lưu trữ: Trung tâm Học liệu Trường Đại học Cần Thơ
LEADER 00541nam a2200181Ia 4500
001 CTU_95125
008 210402s9999 xx 000 0 und d
082 |a 681.7 
082 |b B621 
245 0 |a Biosensors : 
245 0 |b fundamentals and applications 
245 0 |c edited by Anthony P.F. Turner, Isao Karube, and George S. Wilson. 
260 |a Oxford [Oxfordshire],New York 
260 |b Oxford University Press 
260 |c 1987 
650 |a Biosensors. 
904 |i Năm 
980 |a Trung tâm Học liệu Trường Đại học Cần Thơ